Xarxa Barcelona municipis de Qualitat (2000-2003) [Fitxer informàtic] : registre de necessitats : proposta d'acords / Rosa Moreno registre de necessitats :
Publicado:
Barcelona :
Diputació de Barcelona : Àrea de Cooperació : Oficina de la Xarxa de Municipis de Qualitat ,
2001
Descripción Física:
1 disc òptic (CD-ROM) ; 12 cm
Otros Autores:
Oficina de la Xarxa de Municipis de Qualitat
MARC
| LEADER | 00000nam a2200000Ia 4500 | ||
|---|---|---|---|
| 001 | 19819 | ||
| 008 | 160829s2001 xx 000 0 cat d | ||
| 080 | |a CD-1-92 | ||
| 100 | |a Moreno, Rosa |9 45945 | ||
| 245 | |a Xarxa Barcelona municipis de Qualitat (2000-2003) [Fitxer informàtic] : |b registre de necessitats : |b proposta d'acords / Rosa Moreno | ||
| 260 | |a Barcelona : |b Diputació de Barcelona : |b Àrea de Cooperació : |b Oficina de la Xarxa de Municipis de Qualitat, |c 2001 | ||
| 300 | |a 1 disc òptic (CD-ROM) ; |c 12 cm | ||
| 610 | 1 | 0 | |9 54166 |a Barcelona (Catalunya : Província). |b Diputació |v Revistes |
| 700 | |a Oficina de la Xarxa de Municipis de Qualitat |9 45947 | ||
| 710 | 1 | |a Barcelona (Catalunya : Província). |b Àrea de Cooperació |9 54368 | |
| 901 | |a Arxiu | ||
| 942 | |n 1 |2 udc | ||
| 952 | |0 0 |1 0 |4 0 |6 CD192 |7 1 |9 52908 |a Arxiu |b Arxiu |d 2016-12-01 |l 0 |o CD-1-92 |p 19819 |r 2016-12-01 00:00:00 |w 2016-12-01 |y ARXIU | ||
| 999 | |c 56757 |d 56757 | ||